| 000 | 00575nas a22001937a 4500 | ||
|---|---|---|---|
| 999 |
_c163990 _d163990 |
||
| 005 | 20190508114528.0 | ||
| 006 | a|||||r|||||00| 0 | ||
| 008 | 110714c xxu||||| |||| 00| 0 eng d | ||
| 022 | _a2631-8318 | ||
| 040 |
_adpl _cdbad |
||
| 110 | _929574 | ||
| 245 | _aJournal of psychosexual health | ||
| 260 |
_aNew Delhi _bSage Publications _c2019 |
||
| 300 |
_av. _c27 cm |
||
| 310 | _aQuarterly | ||
| 710 | _929575 | ||
| 270 |
_aB1/I-1, Mohan Cooperative Industrial Area, Mathura Road _bNew Delhi _e110044 _k40539222 _l40539222 _msage@vsnl.com |
||
| 942 |
_2ddc _cSR _s1 _mJOU |
||